Điều tra thành phâng loài và các yếu tố tác động đến nguồn tài nguyên thực vật thân gỗ tại rừng đặc dụng nam Hải Vân - thành phố Đà Nẵng

Tình hình nghiên cứu ...Đặc điểm khu vực nghiên cứu ...Đối tượng, địa điểm, thời gian, nội dung và phương pháp nghiên cứu ...Kết quả nghiên cứu ...Kiến nghị

Αποθηκεύτηκε σε:
Λεπτομέρειες βιβλιογραφικής εγγραφής
Κύριος συγγραφέας: Nguyễn, Thị Hương Lan
Άλλοι συγγραφείς: Nguyễn, Thị Đào Người hướng dẫn (Εισηγητής διατριβής)
Μορφή: Βιβλίο
Γλώσσα:Vietnamese
Έκδοση: Đại học Sư Phạm Đại học Đà Nẵng 2011
Θέματα:
Ετικέτες: Προσθήκη ετικέτας
Δεν υπάρχουν, Καταχωρήστε ετικέτα πρώτοι!
Thư viện lưu trữ: Mạng thư viện Đại học Đà Nẵng
LEADER 01550nam a2200325 4500
001 000011345
003 7585
005 20120203100226.0
008 120203s2011 viesd
041 |a vie 
072 |a Khóa luận tốt nghiệp -Sư phạm Sinh 
082 |a 581.59751  |b NG-L 
100 1 |a Nguyễn, Thị Hương Lan 
245 1 |a Điều tra thành phâng loài và các yếu tố tác động đến nguồn tài nguyên thực vật thân gỗ tại rừng đặc dụng nam Hải Vân - thành phố Đà Nẵng  |c Nguyễn, Thị Hương Lan 
260 |a Đại học Sư Phạm  |b Đại học Đà Nẵng  |c 2011 
300 |a 37 tr. (20 tr.)  |b Hình ảnh  |c 29 cm.  |e 1 CD 
500 |a Khóa luận tốt nghiệp 
520 |a Tình hình nghiên cứu ...Đặc điểm khu vực nghiên cứu ...Đối tượng, địa điểm, thời gian, nội dung và phương pháp nghiên cứu ...Kết quả nghiên cứu ...Kiến nghị 
653 |a Đà Nẵng  |a Nam Hải Vân 
700 |a Nguyễn, Thị Đào  |c Người hướng dẫn  |e Th.S 
OWN |a LSP 
AVA |a UDN50  |b LSP  |d 581.59751 NG-L  |e available  |t Error 5001 Not defined in file expand_doc_bib_avail.  |f 1  |g 0  |h N  |i 0  |k 1 
999 |a From the UDN01 
AVA |a UDN50  |b LSP  |d 581.59751 NG-L  |e available  |t Error 5001 Not defined in file expand_doc_bib_avail.  |f 1  |g 0  |h N  |i 0  |k 1 
TYP |a Monograph 
TYP |a Printed language 
980 |a Mạng thư viện Đại học Đà Nẵng